Справочник за машините в животновъдството (Запис номер 57310)
[ съкратено ]
| 000 -Лидер | |
|---|---|
| Контролно поле с фиксирана дължина | 01636nam a2200337 c 4500 |
| 003 - Код на организацията, давaща контролен номер | |
| Контролно поле | BLK |
| 005 - Дата и час на последна редакция | |
| Контролно поле | 20220519082110.0 |
| 008 - Елементи от данни с фиксирана дължина | |
| fixed length control field | 180408b bul|||||r ||||||| ||bul|| |
| 010 ## - Наследен системен номер | |
| LC control number | KNG00061305000 |
| 040 ## - Източник на каталожния запис | |
| Идентификатор на билиотеката - собственик на записа | BLK |
| 041 ## - Код за език | |
| Код за езика на текст/звукозапис или на отделно заглавие | Български |
| Код за езика КДБФ | Български |
| 080 ## - УДК | |
| Текстов определител УДК | Животновъдни сгради и съоръжения. Ферми. Спомагателни помещения. Оборудване. Вж и 728. 9; 69; 636. 08; 727. 6; 631. 3 |
| УДК код - определител по УДК | 631.22 |
| УДК определител | (035) |
| УДК - код + определител | 631.22(035) |
| 100 1# - Редна дума - Автор | |
| Автор | Парашкевов, Иван Георгиев |
| Авторска отговорност | първи автор |
| R(LIN) | 251605 |
| 139 ## - Редно поле | |
| Редна дума | Парашкевов, Иван и др. |
| Авторски знак | Пар - П 22 |
| 245 10 - Сведения за заглавието | |
| Заглавие | Справочник за машините в животновъдството |
| Редно поле (дума) | Иван Георгиев Парашкевов; съавт. Георги Станев; съавт. Михаил Кънчев Касалийски. |
| 257 ## - Страна на издаване | |
| Страна на създаване/издаване | България |
| 260 ## - Област на издателските данни | |
| Име на издателя, разпространителя и проч. | Земиздат |
| Година на издаване | 1983 |
| Печатница | Хасково : Ат Стратиев |
| Място на издаване, разпространение и проч. | София |
| 300 ## - Физическа характеристика | |
| Страници | 304 с. |
| Размери/Мащаб | 21 см |
| 380 ## - Жанр | |
| Жанр | Селско стопанство |
| 650 #4 - Допълнително описание по предмет – тема | |
| Основно описание – тема или топоним | Животновъдство - механизация - наръчници и ръководства |
| 9 (RLIN) | 280262 |
| 650 #4 - Допълнително описание по предмет – тема | |
| Основно описание – тема или топоним | Селскостопански машини и оръдия - приложение в животновъдството |
| 9 (RLIN) | 287525 |
| 653 ## - Ключова дума – ненормативна | |
| Ключова дума | животновъдство |
| 653 ## - Ключова дума – ненормативна | |
| Ключова дума | механизация |
| 700 1# - Други автори (авторска отговорност) | |
| Лично име | Станев, Георги |
| Автороска отговорност (Описва отношението между автора и произведението) | съавт. |
| 9 (RLIN) | 251606 |
| 700 1# - Други автори (авторска отговорност) | |
| Лично име | Касалийски, Михаил Кънчев |
| Автороска отговорност (Описва отношението между автора и произведението) | съавт. |
| 9 (RLIN) | 369476 |
| 852 ## - Местоположение | |
| Форматна сигнатура | Цб 120055 |
| 856 4# - Електронен адрес и достъп | |
| Електронен формат | pdf - файл |
| 856 4# - Електронен адрес и достъп | |
| Електронен формат | pdf - файл |
| 999 ## - СИСТЕМНИ КОНТРОЛНИ НОМЕРА | |
| Koha biblionumber | 57310 |
| Koha biblioitemnumber | 57310 |
| 942 ## - АРТИКУЛИ | |
| Вид на библиотечния материал | Книги |
| Скрит в OPAC | Не |
| Периодичен библиозапис | Да |
| 944 ## - СЪЗДАВАНЕ И РЕДАКЦИЯ на ЗАПИСА | |
| Създаване/Редакция | Създаване |
| Дата на регистрацията/редакция | 13.06.2004 |
| Служител, извършил регистрацията/редакцията | Читалня |
| 944 ## - СЪЗДАВАНЕ И РЕДАКЦИЯ на ЗАПИСА | |
| Създаване/Редакция | Редакция |
| Дата на регистрацията/редакция | 03.09.2015 |
| 999 ## - СИСТЕМНИ КОНТРОЛНИ НОМЕРА | |
| Koha biblioitemnumber | 57310 |
| Код за отписване | Код за изгубен артикул | Източник на класификационната схема | Код за повреда | Коз за рестрикции | Код за отдаване | Артикулен № | Име на библиотеката - собственик | Име на библиотеката, в която се намира в момента | Статус (Текущо местоположение) | Дата на вписване в системата | Местоположение - отдел | Цена в лева | Инвентарен номер | Систематично азбучна сигнатура | Баркод | Номер на екземпляра | Цена в евро | Служебна бележка | Служебен тип на артикула |
|---|---|---|---|---|---|---|---|---|---|---|---|---|---|---|---|---|---|---|---|
| Изтеглен | Не е изгубен | Universal Decimal Classification | Не е повреден | без рестрикции | ползва се в читалня | 92629 | Регионална библиотека "Любен Каравелов" Русе | Регионална библиотека "Любен Каравелов" Русе | Читалня | 1993-01-01 | Читалня | 2.74 | 372135 | Ч 631/П22И | 372135 | 1 | 1.40 | Дата инв: 20.03.2017 Бележки инв: Ч2017 | Книги |
| Не е изгубен | Universal Decimal Classification | Не е повреден | без рестрикции | ползва се в читалня | 92630 | Регионална библиотека "Любен Каравелов" Русе | Регионална библиотека "Любен Каравелов" Русе | Хранилище | 1983-01-01 | Хранилище | 2.74 | 372050 | Цб 120055 | 900000010897 | 2 | 1.40 | Дост: Dp Вид: Сф Дата: 01.01.1983 | Книги | |
| Изтеглен | Не е изгубен | Universal Decimal Classification | Не е повреден | без рестрикции | заемане за дома | 92631 | Регионална библиотека "Любен Каравелов" Русе | Регионална библиотека "Любен Каравелов" Русе | Заемна - подръчен фонд | 1983-01-01 | Заемна - подръчен фонд | 2.74 | 372132 | П 631/П 22 | 372132 | 3 | 1.40 | Дост: Pk Вид: Сф Дата: 01.01.1983 | Книги |